00341nam a2200121Ia 4500008004100000041001200041082002100053100001800074245004600092260005200138300001500190650001400205231217s9999 xx 000 0 und d aEnglish a001.6424C BAR;3 aBarr, Michael 0aProgramming embedded systems in C and C++ c1999bShroff publishers & DistributorsaMumbai axvii+174+9 aC and C++